[Event "Sharjah op blitz"]
[Site "Sharjah"]
[Date "2018.05.25"]
[Round "8"]
[White "Somoff, Abdo"]
[Black "Carandang, Roberto"]
[Result "0-1"]
[WhiteElo "2023"]
[BlackElo "1867"]
[PlyCount "110"]
[EventDate "2018.05.25"]
[EventType "swiss (blitz)"]
[EventRounds "9"]
[EventCountry "UAE"]
[SourceTitle "CBM 184 Extra"]
[Source "ChessBase"]
[SourceDate "2018.06.28"]
[SourceVersion "1"]
[SourceVersionDate "2018.06.28"]
[SourceQuality "1"]

1. e4 d6 2. d4 Nf6 3. f3 g6 4. c4 Bg7 5. Nc3 Nc6 6. Be3 e5 7. Nge2 0-0 8. Qd2 Re8 9. d5 Ne7 10. g4 h5 11. h3 Kh7 12. Ng3 h4 13. Nge2 Nfg8 14. Bg5 Bh6 15. 0-0-0 f6 16. Bxh6 Nxh6 17. f4 exf4 18. Nxf4 g5 19. Nh5 Ng6 20. Bd3 Ne5 21. Rdf1 Rf8 22. Ne2 Bd7 23. Nd4 Qe7 24. Nf5 Bxf5 25. exf5 c6 26. Kb1 Nhf7 27. Re1 Nd8 28. Nf4 gxf4 29. g5 Kg7 30. g6 Rh8 31. Qxf4 cxd5 32. cxd5 Qd7 33. Bc2 b6 34. Ba4 b5 35. Bb3 a5 36. a3 Nd3 37. Qf3 Nxe1 38. Rxe1 a4 39. Bc2 Ra7 40. Re4 Nb7 41. Re6 Nc5 42. Re3 Raa8 43. Qf4 Rae8 44. Re6 Nxe6 45. fxe6 Qc7 46. Bd3 Qc5 47. Qe4 Re7 48. Be2 Rh6 49. Bd3 Rh5 50. Bc2 Qxd5 51. Qb4 Qc5 52. Qa5 Rc7 53. Qa8 Qxc2+ 54. Ka2 Qb3+ 55. Kb1 Rg5 0-1

[Event "Sharjah op blitz"]
[Site "Sharjah"]
[Date "2014.07.09"]
[Round "6"]
[White "Somoff, Abdo"]
[Black "Elgabry, Mohsen"]
[Result "0-1"]
[WhiteElo "2128"]
[BlackElo "2334"]
[PlyCount "54"]
[EventDate "2014.07.09"]
[EventType "swiss (blitz)"]
[EventRounds "9"]
[EventCountry "UAE"]
[SourceTitle "EXT 2016"]
[Source "ChessBase"]
[SourceDate "2015.10.08"]
[SourceVersion "1"]
[SourceVersionDate "2015.10.08"]
[SourceQuality "1"]

1. e4 c5 2. Nf3 d6 3. c3 Nf6 4. d3 e6 5. g3 Be7 6. Bg2 0-0 7. 0-0 Nc6 8. Re1 a6 9. a4 Rb8 10. Nbd2 b5 11. axb5 axb5 12. Nf1 Bb7 13. d4 cxd4 14. Nxd4 b4 15. Nxc6 Bxc6 16. c4 Qb6 17. b3 Qb7 18. Qe2 Nd7 19. Be3 Nc5 20. Bxc5 dxc5 21. Nd2 Rfd8 22. Rad1 Rd4 23. f3 Rbd8 24. Nf1 Qd7 25. Rxd4 Qxd4+ 26. Qe3 Bf6 27. e5 Ra8 0-1

[Event "Dubai op 15th"]
[Site "Dubai"]
[Date "2013.04.13"]
[Round "6"]
[White "Somoff, Abdo"]
[Black "Isaev, Jamshed"]
[Result "1-0"]
[WhiteElo "2155"]
[BlackElo "2355"]
[PlyCount "113"]
[EventDate "2013.04.07"]
[EventType "swiss"]
[EventRounds "9"]
[EventCountry "UAE"]
[SourceTitle "CBM 153 Extra"]
[Source "ChessBase"]
[SourceDate "2013.04.22"]
[SourceVersion "1"]
[SourceVersionDate "2013.04.22"]
[SourceQuality "1"]

1. e4 e5 2. Nf3 Nc6 3. Bc4 Nf6 4. d3 Bc5 5. c3 d6 6. 0-0 a6 7. Bb3 0-0 8. Re1 h6 9. Nbd2 Re8 10. Nc4 Be6 11. Be3 Bxe3 12. Nxe3 d5 13. exd5 Nxd5 14. Nxd5 Bxd5 15. Bxd5 Qxd5 16. Qb3 Qxb3 17. axb3 Rad8 18. Rad1 Kf8 19. Kf1 Rd5 20. Re3 Red8 21. Ke2 f6 22. g3 Rb5 23. Nd2 Ne7 24. Re4 c5 25. Ra4 Kf7 26. Rda1 Rb6 27. Rd1 f5 28. Ra5 Rc6 29. Nc4 Kf6 30. f3 h5 31. Re1 h4 32. Raa1 Re6 33. Rad1 Rh8 34. Rh1 Nc6 35. Kf2 Re7 36. g4 fxg4 37. fxg4 Kg5 38. h3 Rf8+ 39. Ke2 e4 40. Rhf1 exd3+ 41. Kxd3 Rd8+ 42. Kc2 Re2+ 43. Rd2 Rdxd2+ 44. Nxd2 Rh2 45. Rf5+ Kg6 46. Rf3 c4 47. b4 Ne5 48. Re3 Nd3 49. b3 b5 50. bxc4 bxc4 51. Re6+ Kf7 52. Rxa6 Ne5 53. Ra7+ Kf6 54. Kd1 Rxh3 55. Ne4+ Kg6 56. Ra6+ Kf7 57. Ng5+ 1-0

[Event "Dubai op 13th"]
[Site "Dubai"]
[Date "2011.04.12"]
[Round "3"]
[White "Somoff, Abdo"]
[Black "Sachdev, Tania"]
[Result "0-1"]
[WhiteElo "2172"]
[BlackElo "2407"]
[PlyCount "60"]
[EventDate "2011.04.10"]
[EventType "swiss"]
[EventRounds "9"]
[EventCountry "UAE"]
[SourceTitle "CBM 141 Extra"]
[Source "ChessBase"]
[SourceDate "2011.05.03"]
[SourceVersion "1"]
[SourceVersionDate "2011.05.03"]
[SourceQuality "1"]

1. e4 c5 2. c3 d5 3. exd5 Qxd5 4. d4 Nf6 5. Nf3 e6 6. Be3 cxd4 7. cxd4 Nc6 8. Nbd2 Be7 9. Bc4 Qd8 10. a3 0-0 11. 0-0 b6 12. Rc1 Bb7 13. Qe2 a6 14. Rfd1 Nd5 15. Ne5 b5 16. Nxc6 Bxc6 17. Bd3 Rc8 18. Ne4 Qb6 19. Bb1 Nxe3 20. Qxe3 b4 21. Nc5 bxa3 22. bxa3 Bf6 23. Nxe6 fxe6 24. Qxe6+ Kh8 25. d5 Bg5 26. Qh3 Qxf2+ 27. Kh1 g6 28. Bxg6 Rc7 29. Bd3 Bxc1 30. dxc6 Re7 0-1

[Event "Asia Cities-ch 16th"]
[Site "Beirut"]
[Date "2009.04.18"]
[Round "3.8"]
[White "Somoff, Abdo"]
[Black "Hamad, Ahmad"]
[Result "0-1"]
[WhiteElo "2242"]
[BlackElo "2300"]
[PlyCount "94"]
[EventDate "2009.04.16"]
[EventType "team-swiss"]
[EventRounds "9"]
[EventCountry "LBN"]
[SourceTitle "EXT 2020"]
[Source "ChessBase"]
[SourceDate "2019.10.17"]
[SourceVersion "1"]
[SourceVersionDate "2019.10.17"]
[SourceQuality "1"]
[WhiteTeam "Beirut"]
[BlackTeam "Aleppo"]
[WhiteTeamCountry "LBN"]
[BlackTeamCountry "SYR"]

1. e4 g6 2. d4 Bg7 3. c4 c6 4. Nc3 Na6 5. Nf3 d6 6. Be2 Nf6 7. 0-0 0-0 8. Be3 Ng4 9. Bc1 Nh6 10. Be3 Ng4 11. Bc1 Nf6 12. Be3 Bg4 13. Qd2 Nd7 14. Ne1 Bxe2 15. Qxe2 e5 16. Nc2 f5 17. f3 Qe7 18. d5 c5 19. Qd2 f4 20. Bf2 h5 21. a3 g5 22. b4 Rf6 23. Rab1 b6 24. b5 Nc7 25. a4 Rg6 26. Kh1 g4 27. Ne2 Bh6 28. Qc3 Kh8 29. Ne1 Rag8 30. fxg4 hxg4 31. g3 Nf6 32. Qd3 Bg5 33. Nc3 Rh6 34. Kg2 Qh7 35. Rh1 Kg7 36. h4 gxh3+ 37. Kf1 fxg3 38. Bxg3 Kh8 39. Rb2 Ng4 40. Nd1 Ne8 41. Nf3 Nef6 42. Re2 Nh5 43. Nxg5 Rxg5 44. Bh2 Nxh2+ 45. Rhxh2 Ng3+ 46. Ke1 Nxe2 47. Rxe2 Rg2 0-1

[Event "Asia Clubs 1st"]
[Site "Al Ain"]
[Date "2008.12.28"]
[Round "4"]
[White "Somoff, Abdo"]
[Black "Mohammed, Zozek Salah Mohamme"]
[Result "0-1"]
[WhiteElo "2282"]
[BlackElo "2222"]
[PlyCount "78"]
[EventDate "2008.12.25"]
[EventType "team"]
[EventRounds "7"]
[EventCountry "UAE"]
[SourceTitle "CBM 127 Extra"]
[Source "ChessBase"]
[SourceDate "2009.01.08"]
[SourceVersion "2"]
[SourceVersionDate "2009.01.28"]
[SourceQuality "1"]

1. e4 c5 2. c4 d6 3. Nc3 Nc6 4. g3 g6 5. Bg2 Bg7 6. Nge2 e6 7. 0-0 Nge7 8. d3 0-0 9. Rb1 b6 10. Be3 Bb7 11. d4 e5 12. dxc5 dxc5 13. Nd5 Nxd5 14. cxd5 Nd4 15. Bxd4 cxd4 16. Nc1 f5 17. f3 Ba6 18. Re1 fxe4 19. fxe4 Bh6 20. Bf1 Be3+ 21. Kh1 Bc8 22. Nd3 Qd6 23. b4 h5 24. Be2 Bh3 25. Bf1 Bd7 26. b5 Rac8 27. a4 Rc3 28. Be2 Bh3 29. Rb3 Rc7 30. Bf3 Rxf3 31. Qxf3 Rf7 32. Nf4 exf4 33. gxf4 Bg4 34. Qg2 Qxf4 35. Rbxe3 dxe3 36. Qg3 Qxg3 37. hxg3 e2 38. Kg2 Rf1 39. Rxf1 Bh3+ 0-1

[Event "Dubai op 10th"]
[Site "Dubai"]
[Date "2008.04.14"]
[Round "9"]
[White "Somoff, Abdo"]
[Black "Ibrahimov, Rasul"]
[Result "0-1"]
[WhiteElo "2278"]
[BlackElo "2535"]
[PlyCount "69"]
[EventDate "2008.04.06"]
[EventType "swiss"]
[EventRounds "9"]
[EventCountry "UAE"]
[SourceTitle "CBM 123 Extra"]
[Source "ChessBase"]
[SourceDate "2008.05.06"]
[SourceVersion "1"]
[SourceVersionDate "2008.05.06"]
[SourceQuality "1"]

1. e4 c5 2. Nf3 d6 3. d4 cxd4 4. Nxd4 Nf6 5. Nc3 a6 6. Bg5 e6 7. f4 Bd7 8. Qd2 h6 9. Bh4 Nxe4 10. Bxd8 Nxd2 11. Bc7 Nxf1 12. Rxf1 Nc6 13. 0-0-0 Rc8 14. Bb6 Nxd4 15. Bxd4 f5 16. h3 h5 17. h4 Bc6 18. Rd2 Kf7 19. g3 Be7 20. Ne2 Bb5 21. Re1 Bxe2 22. Rexe2 Rc6 23. Rd3 Bf6 24. Bf2 Rhc8 25. Be1 b5 26. Bb4 d5 27. a3 Rc4 28. Kd1 Bxb2 29. Rde3 R8c6 30. Rb3 Bc3 31. Kc1 Bd4 32. Kb1 Bf6 33. Be1 Re4 34. Rxe4 fxe4 35. Rc3 0-1

[Event "Dubai op 10th"]
[Site "Dubai"]
[Date "2008.04.13"]
[Round "8"]
[White "Ismagambetov, Anuar"]
[Black "Somoff, Abdo"]
[Result "0-1"]
[WhiteElo "2492"]
[BlackElo "2278"]
[PlyCount "64"]
[EventDate "2008.04.06"]
[EventType "swiss"]
[EventRounds "9"]
[EventCountry "UAE"]
[SourceTitle "CBM 123 Extra"]
[Source "ChessBase"]
[SourceDate "2008.05.06"]
[SourceVersion "1"]
[SourceVersionDate "2008.05.06"]
[SourceQuality "1"]

1. e4 e5 2. Nf3 Nc6 3. Bb5 Nf6 4. d3 Bc5 5. 0-0 d6 6. c3 Bb6 7. Nbd2 0-0 8. Nc4 Be6 9. Qe2 Ne7 10. Ba4 Ng6 11. Bc2 Nh5 12. Ne3 Ngf4 13. Qd1 g5 14. d4 g4 15. Ne1 Qg5 16. Kh1 Qg7 17. Nf5 Bxf5 18. exf5 Kh8 19. Nd3 Nxd3 20. Qxd3 exd4 21. Bd2 dxc3 22. f6 Qg6 23. Qxc3 Qxf6 24. Qd3 Qg6 25. Qc4 f5 26. Bc3+ Ng7 27. Rae1 Rae8 28. Qf4 d5 29. Be5 Kg8 30. f3 Nh5 31. Qd2 Rxe5 32. g3 Rfe8 0-1

[Event "Olympiad-36"]
[Site "Mallorca"]
[Date "2004.10.20"]
[Round "6"]
[White "Huguet Mainar, Sergio"]
[Black "Somoff, Abdo"]
[Result "1/2-1/2"]
[WhiteElo "2141"]
[BlackElo "2330"]
[PlyCount "97"]
[EventDate "2004.10.15"]
[EventType "team-swiss"]
[EventRounds "14"]
[EventCountry "ESP"]
[SourceTitle "CBM 104"]
[Source "ChessBase"]
[SourceDate "2005.01.27"]
[SourceVersion "1"]
[SourceVersionDate "2005.01.27"]
[SourceQuality "1"]
[WhiteTeam "Honduras"]
[BlackTeam "Lebanon"]
[WhiteTeamCountry "HON"]
[BlackTeamCountry "LBN"]

1. e4 c5 2. c3 d6 3. d4 Nf6 4. dxc5 Nc6 5. Bc4 dxc5 6. Qxd8+ Nxd8 7. e5 Nd7 8. Nf3 e6 9. Nbd2 b6 10. 0-0 Bb7 11. Re1 Be7 12. Ne4 0-0 13. Bf4 h5 14. Bb5 Bc6 15. Bxc6 Nxc6 16. Rad1 Rad8 17. Rd2 b5 18. Red1 Nb6 19. Bg5 f6 20. Rxd8 Nxd8 21. exf6 gxf6 22. Bh6 Re8 23. b3 Nb7 24. Kf1 Kf7 25. Ke2 Nd5 26. c4 bxc4 27. bxc4 Nb6 28. Nfd2 f5 29. Nc3 Nd6 30. Nb5 Nxb5 31. cxb5 Nd5 32. Rc1 Kg6 33. Be3 Rc8 34. Nc4 f4 35. Bd2 Kf5 36. g3 Rg8 37. a4 e5 38. a5 Rb8 39. Rb1 Bd8 40. gxf4 exf4 41. Kf3 Bc7 42. b6 axb6 43. axb6 Nxb6 44. Nxb6 Rxb6 45. Rxb6 Bxb6 46. Bxf4 c4 47. Bd2 Bd4 48. Bb4 c3 49. Bxc3 1/2-1/2